000 00846namaa22002291 4500
001 174114
003 ES-MaACL
005 20250829120108.0
008 100219s1952 cu |||| | spa d
080 _a1(729.1)"18"
100 1 _aMestre, José Manuel (
_d1832-1886)
_9129876
245 1 0 _aDe la filosofía en La Habana /
_cJosé Manuel Mestre ; estudio preliminar y notas por Humberto Piñera Llera.
260 _aLa Habana :
_bMinisterio de Educación, Dirección de Cultura,
_c1952.
300 _a143 p. ;
_c20 cm.
490 1 _aCuadernos de cultura, Novena serie ;
_v5
650 4 _aFilosofía-
_zCuba.
_9144954
700 1 _aPiñera, Humberto.
_992267
710 1 _aCuba.
_bDirección General de Cultura.
_9146958
830 1 _aCuadernos de cultura
_v5
_9181245
852 _aES-MaACL
_jC-57162
999 _c174114
_d174114